000
00256 a2200109 4500
000
nam a22 7a 4500
005
20260226151553.0
100
_a
Sahay, Vijoy S.
_9
1116786
245
_a
Anthropological thought
260
_b
Rawat
_c
2024
942
_c
TEXL
999
_c
1680288
_d
1680288